Usos de la investigación social en Chile

Saved in:
Bibliographic Details
Main Authors: Briones, Guillermo (Author), Frohmann, Alicia (Author), Sunkel, Guillermo (Author), Valdés, Teresa (Author)
Other Authors: Gómez Echenique, Sergio
Format: Book
Language:Spanish
Published: Santiago Flacso 1993
Subjects:
Tags: Add Tag
No Tags, Be the first to tag this record!

MARC

LEADER 00000nam a2200000 a 4500
001 UCZ1846
003 CL-VaPUC
005 20231110091020.0
008 950914e19930000CL |||||||||||||||||spa|d
999 |c 238529  |d 238527 
040 |c Pontificia Universidad Católica de Valparaíso 
082 0 4 |a 360.072  |b BRI  |2 21 
100 0 |a Briones, Guillermo  |e author  |9 345517 
245 1 0 |a Usos de la investigación social en Chile 
260 |a Santiago  |b Flacso   |c 1993 
300 |a 299 p 
583 |a last modification  |c 19950914 00:00:00  |k Rodrigo Vera 
650 0 |a Ciencias sociales  |v Investigación  |9 307767 
650 0 |a Pobreza  |9 258652 
650 0 |a Servicios sociales   |9 338304 
650 0 |a Bienestar social   |9 255298 
650 7 |a SERVICIOS SOCIALES A PERSONA  |2 CL-VaPUC  |9 345521 
700 0 |a Frohmann, Alicia  |e author  |9 345518 
700 0 |a Gómez Echenique, Sergio  |9 856614 
700 0 |a Sunkel, Guillermo  |e author  |9 345519 
700 0 |a Valdés, Teresa  |e author  |9 345520 
852 |a BIBCUR 
942 |c BK  |2 ddc 
945 |d 19950914 00:00:00  |a rbrito 
952 |0 0  |1 0  |4 0  |6 360_072000000000000_BRI_1993  |7 0  |8 A  |9 248775  |a BIBGIM  |b BIBGIM  |d 2019-11-18  |i 3130924  |o 360.072 BRI 1993  |p 3130924  |r 2025-01-15  |w 2019-11-18  |y BK  |k SSL